Veinte años de políticas sociales: Chile, 1990-2009. Equidad con crecimiento sostenible
Guardat en:
| Autor principal: | |
|---|---|
| Format: | Llibre |
| Idioma: | espanyol |
| Publicat: |
Santiago
CIEPLAN
2011
|
| Matèries: | |
| Etiquetes: |
Afegir etiqueta
Sense etiquetes, Sigues el primer a etiquetar aquest registre!
|
MARC
| LEADER | 00000cam a2200000 a 4500 | ||
|---|---|---|---|
| 001 | UCF3676 | ||
| 003 | CL-VaPUC | ||
| 008 | 121025e20110000CL |||||||||||||||||spa|d | ||
| 020 | |a 9789562040372 | ||
| 082 | 0 | 4 | |a 320.983 |b ARE |2 21 |
| 100 | 0 | |a Arellano Marín, José Pablo |e author |9 565423 | |
| 245 | 1 | 0 | |a Veinte años de políticas sociales: Chile, 1990-2009. Equidad con crecimiento sostenible |
| 300 | |a 135 P | ||
| 942 | |c BK | ||
| 945 | |d 20121025 00:00:00 |a dcastane | ||
| 260 | |a Santiago |b CIEPLAN |c 2011 | ||
| 650 | 0 | |a Políticas sociales |9 358116 | |
| 650 | 0 | |a Política económica |9 255029 | |
| 650 | 0 | |a Política y gobierno |9 255151 | |
| 650 | 7 | |a HISTORIA DE CHILE 1990-2010 |2 CL-VaPUC |9 554834 | |
| 583 | |a last modification |c 20121025 12:11:00 |k Rodrigo Vera | ||
| 999 | |c 349866 |d 349864 | ||
| 952 | |0 0 |1 0 |4 0 |6 320_983000000000000_ARE_2011 |7 0 |8 R |9 452727 |a BIBGIM |b BIBGIM |d 2019-11-22 |i 4919076 |o 320.983 ARE 2011 |p 4919076 |r 2025-01-15 |w 2019-11-22 |y BK_R |k SSL | ||